00213nam a2200097Ia 4500082001800000100001500018245004100033260001500074300000800089650001800097 a612.015bB11R aRAJE, V.N. aBIOCHEMISTRY AND CLINICAL PHYSIOLOGY bCBS- DELHI a150 aPHARMACEUTICS